00235nam a22000977a 4500003000400000008004100004100001500045245005000060260001900110300000800129OSt240803b |||||||| |||| 00| 0 eng d aSakal , R. aTwenty Five year of Research on Micro & Bihar aRAU Pusac1992 a207